[Event "Stay Safe Play From Home 193"]
[Site "T#646517Emanuel Laske"]
[Date "2020.06.02"]
[Round "2"]
[White "Broken sword"]
[Black "SoulofWolf"]
[Result "1-0"]
[WhiteElo "2527"]
[BlackElo "2082"]
[Annotator "TA"]
[PlyCount "109"]
[EventDate "2020.06.02"]
[EventType "swiss (blitz)"]

{[%evp 9,109,9,5,-15,0,-3,29,10,26,20,22,22,44,-35,16,-16,6,6,7,0,0,0,18,13,17,12,22,20,10,6,51,27,70,30,77,12,65,0,70,72,87,86,88,72,79,0,81,88,179,0,20,5,241,233,230,235,235,240,229,184,262,158,205,173,205,197,271,268,334,293,338,291,293,271,343,340,502,499,390,351,336,333,514,512,595,581,818,786,706,658,1327,1102,29985,29985,29988,29989,29989,29988,29990,29991,29991,29992]} 1. e4 e6 2. d4 c5 3. Nf3 cxd4 4. Nxd4 Nc6 5. Nxc6 bxc6 6. Be2 {[#] B44: Sicilian: Taimanov: 5 Nb5.} Bb4+ $146 ({Predecessor:} 6... d5 7. exd5 cxd5 8. O-O Nf6 9. b3 Be7 10. Bb2 O-O 11. Nd2 Bb7 12. Bf3 Qb6 13. c4 Rfd8 14. cxd5 Bxd5 15. Bxd5 Rxd5 {½-½ (36) Pereira,T (1795)-Gomes,M (1631) Sao Paulo 2020}) 7. c3 Ba5 8. O-O {White has an edge.} Ne7 9. Nd2 O-O 10. Nc4 Bc7 11. e5 ({White should play} 11. Nd6 $14) 11... Nf5 (11... Ba6 $15) 12. f4 d5 13. exd6 Nxd6 14. Nxd6 Bxd6 15. Be3 Qe7 16. Qe1 Rd8 17. Qf2 a5 18. Rfd1 Ba6 19. Bf3 Bb7 20. g3 Bc7 21. Kg2 a4 22. Rac1 ({White should try} 22. Rxd8+ $16 Rxd8 23. Bc5) 22... h6 (22... e5 $11) 23. h3 (23. Bc5 $14 Qf6 24. Kg1) 23... Rd7 (23... e5 $11) 24. Bc5 $14 Qe8 25. Rxd7 Qxd7 26. Rd1 $36 {[%mdl 2048] White is really pushing.} Qe8 27. Rd3 (27. Qd4 $16) 27... Rd8 (27... Ba6 $11 {remains equal.} 28. Rd4 e5 29. fxe5 (29. Rxa4 Bf1+ {[%mdl 64] Discovered Attack} 30. Kxf1 Rxa4 $17) 29... Bxe5) 28. Qd2 $16 Ba6 (28... Rd5 $16 {is a better defense.} 29. Bxd5 cxd5) 29. Rd4 $2 {[#]} (29. Rxd8 $18 Bxd8 30. Qd6) 29... Rxd4 (29... Bc4 {seems wilder.} 30. Rxd8 Bxd8 31. Qd6 Bd5 32. Bd4 Be7) 30. Qxd4 Qd8 $2 {Black cannot hold the game after this.} (30... Qb8 $11 {and Black is okay.}) 31. Qxd8+ $18 (31. Bxc6 Qb8) 31... Bxd8 32. Bxc6 {[%mdl 4096] Endgame KBB-KBB} Bc4 33. Bxa4 Bxa2 34. Bc6 Bc7 (34... Bb3 $142 35. Kf3 Bc7) 35. Be4 f5 36. Bf3 Kf7 37. Bd4 g6 (37... Bb3 $142 38. Kf2 g5) 38. b4 Ke7 39. Kf2 Kd7 40. Ke2 Bc4+ 41. Kd2 Bf1 42. h4 Kc8 (42... Bd6 $142 43. Bg7 h5) 43. Be2 Bg2 44. Bc4 Kd7 45. Bb5+ Kc8 (45... Ke7 $142 46. Ke3 Bb8) 46. c4 Bb7 47. c5 g5 48. hxg5 hxg5 49. fxg5 Bxg3 50. g6 {[#] White wants to mate with g7.} e5 51. Bc4 {White mates.} exd4 52. g7 Bf4+ 53. Ke1 Bg3+ 54. Kf1 Be4 55. g8=Q+ {[%mdl 64] Double Attack. Accuracy: White = 69%, Black = 34%.} 1-0

[Event "Stay Safe Play From Home 193"]
[Site "T#646517Emanuel Laske"]
[Date "2020.06.02"]
[Round "2"]
[White "Mepe_Nika"]
[Black "Konmos"]
[Result "1-0"]
[WhiteElo "2281"]
[BlackElo "1609"]
[Annotator "TA"]
[PlyCount "75"]
[EventDate "2020.06.02"]
[EventType "swiss (blitz)"]

{[%evp 9,75,69,103,80,125,66,76,78,120,116,143,136,148,129,115,122,139,148,263,191,247,105,88,-640,-620,-645,-619,-625,-523,-521,-227,-351,328,329,329,338,340,322,407,327,381,324,279,176,218,231,217,0,8,8,48,28,500,502,327,187,544,86,911,881,693,493,29970,29971,29987,29988,29994,29995]} 1. c4 d5 2. cxd5 Qxd5 3. Nf3 Qa5 4. g3 c6 5. Bg2 {[#]} h5 $146 ({Predecessor:} 5... Nf6 6. Nc3 Qb6 7. O-O Bf5 8. d3 h6 9. Na4 Qc7 10. Bf4 Qc8 11. Nc5 e6 {½-½ (47) Borisov,S-Ignatov,R Sofia 2010}) 6. O-O {A10: English Opening: Unusual Replies for Black.} Bg4 7. h3 (7. d4 $16) 7... Bxf3 $1 $14 8. Bxf3 {White is better.} g5 9. Bg2 h4 10. g4 f5 11. e4 fxg4 12. Qxg4 {[#] Strongly threatening Qc8+.} Nd7 13. d4 Bh6 (13... Nh6 $16 14. Qe6 (14. Qxg5 Qxg5 15. Bxg5 Nf7 $16) 14... Qb4) 14. Nc3 O-O-O (14... Ngf6 $142 15. Qe6 Nf8) 15. d5 (15. e5 $18 {and the rest is easy.}) 15... Ngf6 $16 16. dxc6 $2 {[%mdl 8192]} (16. Qe6 $16 Qc7 17. dxc6 (17. Qxe7 Bf8 $16) 17... Qxc6 18. Qxe7) 16... Nxg4 $19 17. cxd7+ Rxd7 18. hxg4 Rdd8 19. Be3 Qb4 (19... Bg7 $142 20. Rad1 Rxd1 21. Rxd1 h3) 20. Rac1 (20. Nd5 $142 Rxd5 21. a3) 20... Qxb2 $4 {[%mdl 8192]} (20... Kb8 $19 {and life is good for Black.} 21. Nd5 Qxb2 22. Nxe7 Qe2) 21. Na4+ $18 Qxc1 22. Rxc1+ (22. Bxc1 b6 $16) 22... Kb8 23. Nc5 b6 24. Ne6 Rd3 25. e5 Rc8 {[#] aiming for ...Rxc1+.} 26. Rxc8+ Kxc8 27. Nd4 ({Don't take} 27. Bxg5 $6 Bxg5 28. Nxg5 Rd1+ 29. Kh2 Rd2 $16) 27... Bg7 28. Nf5 $2 ({Better is} 28. Be4 $18 Rd1+ 29. Kg2) 28... Bxe5 {White must now prevent ...Rd1+.} 29. Be4 ({Reject} 29. Nxe7+ Kd7 $17) 29... Rd1+ 30. Kg2 Bf4 $2 {[%mdl 8192]} (30... Bf6 $11) 31. Bxf4 gxf4 32. Nxh4 ({Less strong is} 32. Nxe7+ Kd7 $16) (32. g5 $142) 32... Re1 $2 (32... Kd7 {is tougher.} 33. Ng6 Kd6) 33. f3 $2 (33. Bh7 $18 {is the precise move to win.}) 33... e5 $2 {[%mdl 8192]} (33... Re2+ $16 34. Kh3 Rxa2) 34. g5 Re2+ 35. Kh3 {g6 is the strong threat.} Rxa2 (35... Kd7 $18 36. Bd5 Re1) 36. g6 {White mates.} Kd7 37. g7 Ke7 38. g8=Q {What a fight! Accuracy: White = 49%, Black = 28%.} 1-0

[Event "Stay Safe Play From Home 193"]
[Site "T#646517Emanuel Laske"]
[Date "2020.06.02"]
[Round "2"]
[White "Toosieslide"]
[Black "Tolka"]
[Result "1-0"]
[WhiteElo "2223"]
[BlackElo "2288"]
[Annotator "TA"]
[PlyCount "53"]
[EventDate "2020.06.02"]
[EventType "swiss (blitz)"]

{[%evp 11,52,0,0,0,0,-41,77,67,82,71,189,0,63,41,283,274,343,343,500,518,664,416,662,341,742,753,727,728,1011,1008,1008,996,1050,1018,981,971,1361,1343,1287,1274,1616,1541,29999]} 1. d4 d6 2. c4 e5 3. Nc3 exd4 4. Qxd4 Nf6 5. b3 Nc6 6. Qd2 a5 7. Bb2 {A21: English Opening: 1...e5 2 Nc3.} a4 8. Nxa4 Rxa4 (8... d5 $15 {stays ahead.} 9. cxd5 Ne4) 9. bxa4 $16 {White is better.} d5 {[#] Strongly threatening ...Bb4.} 10. a3 $1 {[#] And now e3 would win.} Ne4 $146 (10... Bc5 $16 {was called for.}) ({Predecessor:} 10... Bc5 11. e3 O-O 12. Nf3 Bg4 13. Be2 d4 14. Nxd4 Nxd4 15. Bxd4 Bxd4 16. Qxd4 Qxd4 17. exd4 {1-0 (69) Wiechert,H (1872)-Loew,G (2014) Playchess.com INT 2020}) 11. Qd3 $2 (11. Qxd5 $18 Nd6 12. e3) 11... Bc5 ({Black should try} 11... Nb4 $1 $11 12. Qd1 c6) 12. e3 $1 $14 ({Inferior is} 12. cxd5 Nxf2 13. Qc4 Bb6 $17) ({Avoid the trap} 12. Bxg7 $2 {[#]} Nb4 $1 $19 {[%mdl 512]}) 12... Qh4 $2 {Loses the game.} ({Black should play} 12... Bb6 $1 $14) 13. g3 $18 Qe7 14. cxd5 Na5 (14... O-O $142 15. dxc6 Rd8) 15. Bg2 ({Weaker is} 15. Qb5+ c6 $18) 15... Nd6 16. Ne2 O-O (16... f6 $142 17. Bd4 b6) 17. O-O {Qc3! is the strong threat.} Bf5 $2 {[#]} (17... b6 18. Bd4 f6 19. Bxc5 bxc5) 18. Qc3 $1 {[%csl Gb2][%cal Rc3g7][%mdl 64] Double Attack} f6 19. Qxc5 Bd3 20. Qxa5 Bxe2 21. Rfe1 Ba6 22. e4 Nc4 23. Qc3 Nd6 24. e5 fxe5 25. Rxe5 Qf7 {[#]} 26. Rg5 $1 {[%cal Rg5g7]} g6 27. Qh8# {Accuracy: White = 56%, Black = 18%.} 1-0

[Event "Stay Safe Play From Home 193"]
[Site "T#646517Emanuel Laske"]
[Date "2020.06.02"]
[Round "2"]
[White "Rogan"]
[Black "Fischer_11"]
[Result "1-0"]
[WhiteElo "2185"]
[BlackElo "2085"]
[Annotator "NA RC"]
[PlyCount "133"]
[EventDate "2020.06.02"]
[EventType "swiss (blitz)"]

1. d4 {[%emt 0:00:07]} e5 {[%emt 0:00:01]} 2. c3 {[%emt 0:00:00]} exd4 {[%emt 0:00:01]} 3. cxd4 {[%emt 0:00:00]} c5 {[%emt 0:00:01]} 4. Nf3 {[%emt 0:00:00]} cxd4 {[%emt 0:00:01]} 5. Bg5 {[%emt 0:00:02]} Be7 {[%emt 0:00:01]} 6. Bxe7 {[%emt 0:00:01]} Qxe7 {[%emt 0:00:00]} 7. Nxd4 {[%emt 0:00:01]} Nc6 {[%emt 0:00:01]} 8. Nxc6 {[%emt 0:00:00]} dxc6 {[%emt 0:00:00]} 9. Nc3 {[%emt 0:00:00]} Be6 {[%emt 0:00:01]} 10. e3 {[%emt 0:00:01]} Nf6 {[%emt 0:00:01]} 11. Bd3 {[%emt 0:00:01]} O-O-O {[%emt 0:00:02]} 12. Qe2 {[%emt 0:00:01]} Qb4 {[%emt 0:00:03]} 13. O-O {[%emt 0:00:01]} Qh4 {[%emt 0:00:05]} 14. f3 {[%emt 0:00:10]} Rhe8 {[%emt 0:00:04]} 15. Ne4 {[%emt 0:00:01]} Nxe4 {[%emt 0:00:03]} 16. Bxe4 {[%emt 0:00:00]} Bd5 {[%emt 0:00:01]} 17. Bxd5 {[%emt 0:00:05]} Rxd5 {[%emt 0:00:00]} 18. Rfd1 {[%emt 0:00:01]} Rxd1+ {[%emt 0:00:03]} 19. Rxd1 {[%emt 0:00:00]} Qe7 {[%emt 0:00:01]} 20. e4 {[%emt 0:00:01]} Rd8 {[%emt 0:00:02]} 21. Rxd8+ {[%emt 0:00:02]} Qxd8 {[%emt 0:00:00]} 22. Kf2 {[%emt 0:00:00]} Qd4+ {[%emt 0:00:01]} 23. Kg3 {[%emt 0:00:00]} Qe5+ {[%emt 0:00:01]} 24. Kf2 {[%emt 0:00:00]} Qxh2 {[%emt 0:00:01]} 25. Qc4 {[%emt 0:00:02]} Qh4+ {[%emt 0:00:01]} 26. Kf1 {[%emt 0:00:01]} Qe7 {[%emt 0:00:01]} 27. Qd4 {[%emt 0:00:02]} g6 {[%emt 0:00:05]} 28. Qxa7 {[%emt 0:00:01]} Kc7 {[%emt 0:00:02]} 29. Qa5+ {[%emt 0:00:01]} b6 {[%emt 0:00:01]} 30. Qa7+ {[%emt 0:00:01]} Kd6 {[%emt 0:00:00]} 31. Qxe7+ {[%emt 0:00:01]} Kxe7 {[%emt 0:00:00]} 32. Ke2 {[%emt 0:00:00]} Kd6 {[%emt 0:00:00]} 33. Kd3 {[%emt 0:00:01]} Kc5 {[%emt 0:00:00]} 34. a3 {[%emt 0:00:01]} g5 {[%emt 0:00:01]} 35. b3 {[%emt 0:00:01]} f6 {[%emt 0:00:01]} 36. Kc3 {[%emt 0:00:01]} h5 {[%emt 0:00:01]} 37. a4 {[%emt 0:00:00]} g4 {[%emt 0:00:03]} 38. b4+ {[%emt 0:00:00]} Kd6 {[%emt 0:00:02]} 39. fxg4 {[%emt 0:00:01]} hxg4 {[%emt 0:00:01]} 40. a5 {[%emt 0:00:00]} bxa5 {[%emt 0:00:01]} 41. bxa5 {[%emt 0:00:00]} Kc5 {[%emt 0:00:01]} 42. a6 {[%emt 0:00:05]} Kb6 {[%emt 0:00:01]} 43. Kc4 {[%emt 0:00:00]} Kxa6 {[%emt 0:00:01]} 44. e5 {[%emt 0:00:00]} fxe5 {[%emt 0:00:01]} 45. Kc5 {[%emt 0:00:00]} e4 {[%emt 0:00:01]} 46. Kc4 {[%emt 0:00:00]} Kb6 {[%emt 0:00:01]} 47. Kd4 {[%emt 0:00:00]} c5+ {[%emt 0:00:00]} 48. Kxe4 {[%emt 0:00:00]} Kb5 {[%emt 0:00:00]} 49. Kf4 {[%emt 0:00:00]} Kb4 {[%emt 0:00:00]} 50. Kxg4 {[%emt 0:00:01]} c4 {[%emt 0:00:00]} 51. Kf3 {[%emt 0:00:00]} c3 {[%emt 0:00:00]} 52. Ke2 {[%emt 0:00:00]} Kb3 {[%emt 0:00:00]} 53. Kd1 {[%emt 0:00:00]} Kb2 {[%emt 0:00:00]} 54. Ke2 {[%emt 0:00:01]} c2 {[%emt 0:00:00]} 55. Kf3 {[%emt 0:00:00]} c1=Q {[%emt 0:00:00]} 56. Kg3 {[%emt 0:00:00]} Qh6 {[%emt 0:00:01]} 57. Kf3 {[%emt 0:00:01]} Qg7 {[%emt 0:00:00]} 58. g3 {[%emt 0:00:00]} Kb3 {[%emt 0:00:00]} 59. Kf4 {[%emt 0:00:00]} Kb4 {[%emt 0:00:00]} 60. g4 {[%emt 0:00:00]} Kb5 {[%emt 0:00:00]} 61. Kf5 {[%emt 0:00:00]} Kb6 {[%emt 0:00:00]} 62. Kf4 {[%emt 0:00:00]} Kc6 {[%emt 0:00:00]} 63. Kf5 {[%emt 0:00:00]} Kc7 {[%emt 0:00:00]} 64. g5 {[%emt 0:00:00]} Kd7 {[%emt 0:00:00]} 65. Kf4 {[%emt 0:00:00]} Ke7 {[%emt 0:00:00]} 66. Kg4 {[%emt 0:00:00]} Kf7 {[%emt 0:00:00]} 67. Kh5 {[%emt 0:00:00] Zeit (Lag: Av=0.35s, max=4.8s) '} 1-0

[Event "Stay Safe Play From Home 193"]
[Site "T#646517Emanuel Laske"]
[Date "2020.06.02"]
[Round "2"]
[White "Scorpio New"]
[Black "Lamborghini"]
[Result "1-0"]
[WhiteElo "2133"]
[BlackElo "2183"]
[Annotator "TA"]
[PlyCount "123"]
[EventDate "2020.06.02"]
[EventType "swiss (blitz)"]

{[%evp 9,123,-38,-20,-35,0,-49,0,-29,-9,-2,18,0,0,0,0,0,64,-10,60,70,121,0,0,0,0,0,22,0,7,0,0,-131,-137,-263,-277,-268,-286,-340,-327,-354,-356,-343,-292,-332,-328,-325,-305,-372,-369,-915,-915,-958,-867,-852,-850,-1139,-1131,-1103,-1087,-1701,-1740,-1606,-1451,-1442,-1456,-1353,-1361,-29967,-6644,-29978,-29979,-29973,-5722,-5932,-5543,-29980,-29982,-29984,-29985,-29986,-29987,-29987,-29987,-29988,-29988,-29989,-29988,-29989,-29987,-29987,-29988,-29988,-29989,-29990,-29991,-29991,-29992,-29991,-29992,-29992,-29993,-29993,-29994,-29995,-29995,-29995,-29993,-29996,-29995,-29996,-29996,-29996,-29991,-29991,-29992,-29999]} 1. d3 g6 2. Nd2 Bg7 3. c3 d5 4. Qc2 Nf6 5. e4 O-O 6. Ngf3 {[#] A00: Irregular Openings.} e5 $146 ({Predecessor:} 6... c6 7. Be2 b6 8. O-O Ba6 9. Re1 e6 10. Nf1 Qc7 11. Ng3 c5 12. h3 Nbd7 {1-0 (29) Van Liempt,M (1954)-Vesters,M (1974) Dieren 2012}) 7. g3 Nc6 8. Bg2 {The position is equal.} b6 9. O-O Ba6 10. Re1 dxe4 11. dxe4 Bd3 12. Qa4 Qd7 ({Black should try} 12... b5 $11 13. Qa6 Nb8) 13. b4 (13. Re3 $1 $14) 13... a5 (13... b5 $11 14. Qa6 Rfb8) 14. b5 $14 Na7 {[#]} ({Better is} 14... Nd8 $14) 15. Nxe5 (15. c4 $1 $16) 15... Qxb5 $11 16. Qxb5 Bxb5 17. a4 Ba6 18. Nec4 {next Ba3 is good for White.} Rad8 19. e5 Nd5 20. Na3 (20. Bb2 $11 {remains equal.}) 20... Nxc3 {White must now prevent ...Ne2+. Black converts the advantage convincingly.} 21. Bf1 (21. Nac4 $17) 21... Bxf1 $19 22. Kxf1 Nxa4 23. Nf3 Nc5 24. Nc4 Nb3 25. Rb1 Nxc1 26. Rbxc1 Rfe8 27. Re2 Nb5 28. Rce1 Nd4 29. Re4 $2 (29. Nxd4 Rxd4 30. Rc1) 29... Nxf3 30. Rc1 Nd2+ 31. Nxd2 Rxd2 32. Re2 Rxe2 33. Kxe2 Rxe5+ {[%mdl 4096] Endgame KRB-KR} 34. Kf3 Rc5 35. Rd1 h5 36. Rd8+ Bf8 37. Ra8 Rc4 38. g4 hxg4+ 39. Ke3 Kg7 40. f3 b5 (40... Rc3+ $142 41. Kd2 gxf3 42. Rd8 Bb4 43. Kd1 Re3 44. Rd4 f2 45. Rf4 Re1+ 46. Kc2 f1=Q 47. Rxf1 Rxf1 48. Kb3 b5 49. Kc2 Rf3 50. h4 a4 51. h5 gxh5 52. Kc1 Rf2 53. Kb1 a3 54. Ka1 Bc3+ 55. Kb1 a2+ 56. Kc1 a1=Q#) 41. fxg4 Bc5+ 42. Kf3 a4 {Black mates.} 43. h4 a3 44. h5 gxh5 45. gxh5 Ra4 46. h6+ Kxh6 47. Re8 Kg6 48. Re1 Bd6 49. Ra1 b4 50. Rg1+ Kf6 51. Rd1 b3 52. Rf1 b2 53. Ke2+ Ke6 54. Rh1 a2 55. Rh6+ f6 56. Rh4 b1=Q 57. Rxa4 Be5 58. Re4 Kf5 59. Re3 Qc2+ 60. Kf3 {[#]} Qf2+ $1 {[%mdl 64] Promotion} 61. Kxf2 a1=Q 62. Kf3 {[%mdl 32768] Accuracy: White = 47%, Black = 73%. . Sensor Board Error (Ke4/e5)?} 1-0

[Event "Stay Safe Play From Home 193"]
[Site "T#646517Emanuel Laske"]
[Date "2020.06.02"]
[Round "2"]
[White "Bellbox"]
[Black "Indianquant"]
[Result "1-0"]
[WhiteElo "2082"]
[BlackElo "2275"]
[Annotator "TA"]
[PlyCount "73"]
[EventDate "2020.06.02"]
[EventType "swiss (blitz)"]

{[%evp 27,73,-22,-21,-33,-13,-50,0,-78,-68,-70,-84,-78,-41,-88,-10,-72,-8,-75,-33,-63,-23,-130,-101,-112,-79,-77,-82,-137,-131,-215,-191,-253,-172,-227,-199,-219,-4,-4,417,410,479,-148,-149,-133,5273,2840,29996,29997]} 1. e4 c5 2. c3 Nf6 3. e5 Nd5 4. Nf3 e6 5. d4 cxd4 6. cxd4 b6 7. Nc3 Nxc3 8. bxc3 Qc7 9. Bd2 Bb7 10. Bd3 d6 11. O-O Nd7 12. exd6 Bxd6 13. Re1 O-O 14. h3 Rfe8 15. Ng5 {B22: Sicilian: 2 c3.} Nf6 16. Rc1 Rac8 {[#]} 17. Ne4 $146 (17. Nf3 $11) ({Predecessor:} 17. Qc2 h6 18. Ne4 Nxe4 19. Bxe4 b5 20. Rb1 a6 21. Qd3 Bxe4 22. Qxe4 Qc6 23. Qg4 {0-1 (56) Miguel Quintero,F-Lorenzini,M (2245) San Sebastian 1996}) 17... Nxe4 $17 18. Bxe4 Bxe4 19. Rxe4 Red8 20. Qe2 Be7 (20... Qc4 $17) 21. Bf4 (21. c4 $11 {remains equal.}) 21... Qc6 (21... Qc4 $17) 22. Be5 (22. c4 $1 $11) 22... Bd6 (22... Bg5 $5 {[%cal Rg5c1]} 23. Bf4 Bxf4 24. Rxf4 Qc4 $15) 23. Rg4 g6 (23... Bxe5 {is interesting.} 24. Qxe5 g6 25. c4 Rd7 26. Qe3 Rdc7) 24. h4 (24. Bf6 $11 {keeps the balance.}) 24... Bxe5 25. Qxe5 Qd5 26. Qe3 h5 27. Rf4 ({White should play} 27. Rg5 Qc4 28. Re1) 27... Qxa2 28. Qf3 (28. Re1 $17 {keeps fighting.}) 28... Rd7 $19 29. Qg3 (29. Re1 $142) 29... Qd5 30. Rf3 (30. Re1 $142) 30... Qe4 31. Qg5 Qg4 $2 {[#]} (31... a5 $19 {...Qe2 is the strong threat.} 32. Re3 Qd5) 32. Qf6 $11 {Hoping for Re1.} Rcc7 $2 {[%mdl 8192]} (32... Rf8 $11 {and Black is okay.}) 33. Re1 $18 Rd5 34. Re5 $2 {[#]} ({Only move:} 34. Rf4 $18) 34... Rxe5 $1 $17 35. Qxe5 Qxh4 $2 {[%mdl 8192]} (35... Rb7 $17 36. Qf6 Rd7) 36. Qxc7 $18 {[%mdl 64] Double Attack} Qe7 37. Qxe7 {Quite a comeback for White. Accuracy: White = 33%, Black = 23%.} 1-0

[Event "Stay Safe Play From Home 193"]
[Site "T#646517Emanuel Laske"]
[Date "2020.06.02"]
[Round "2"]
[White "Fish4Life"]
[Black "Trotsky"]
[Result "1-0"]
[WhiteElo "1934"]
[BlackElo "1571"]
[Annotator "RC"]
[PlyCount "55"]
[EventDate "2020.06.02"]
[EventType "swiss (blitz)"]

1. e4 {[%emt 0:00:03]} c5 {[%emt 0:00:01]} 2. b4 {[%emt 0:00:01]} e6 {[%emt 0:00:00]} 3. bxc5 {[%emt 0:00:01]} Bxc5 {[%emt 0:00:01]} 4. d4 {[%emt 0:00:01]} Be7 {[%emt 0:00:03]} 5. c3 {[%emt 0:00:01]} d6 {[%emt 0:00:02]} 6. Bd3 {[%emt 0:00:01]} Qc7 {[%emt 0:00:02]} 7. f4 {[%emt 0:00:01]} Nc6 {[%emt 0:00:01]} 8. Nf3 {[%emt 0:00:00]} Nf6 {[%emt 0:00:03]} 9. O-O {[%emt 0:00:01]} Bd7 {[%emt 0:00:02]} 10. Qe2 {[%emt 0:00:03]} O-O-O {[%emt 0:00:01]} 11. a4 {[%emt 0:00:01]} h5 {[%emt 0:00:01]} 12. Bd2 {[%emt 0:00:02]} Ng4 {[%emt 0:00:01]} 13. h3 {[%emt 0:00:01]} g5 {[%emt 0:00:02]} 14. fxg5 {[%emt 0:00:01]} f6 {[%emt 0:00:02]} 15. Na3 {[%emt 0:00:02]} d5 {[%emt 0:00:01]} 16. Nb5 {[%emt 0:00:01]} Qb8 {[%emt 0:00:01]} 17. gxf6 {[%emt 0:00:05]} Bxf6 {[%emt 0:00:02]} 18. e5 {[%emt 0:00:01]} Bxe5 {[%emt 0:00:04]} 19. dxe5 {[%emt 0:00:01]} Ncxe5 {[%emt 0:00:01]} 20. Nxe5 {[%emt 0:00:01]} Nxe5 {[%emt 0:00:01]} 21. Bf4 {[%emt 0:00:02]} Nf3+ {[%emt 0:00:17]} 22. Rxf3 {[%emt 0:00:03]} e5 {[%emt 0:00:03]} 23. Bxe5 {[%emt 0:00:01]} Qa8 {[%emt 0:00:01]} 24. Nd6+ {[%emt 0:00:03]} Kc7 {[%emt 0:00:02]} 25. Bb5 {[%emt 0:00:02]} Kb6 {[%emt 0:00:01]} 26. Qe3+ {[%emt 0:00:01]} Ka5 {[%emt 0:00:02]} 27. Qc5 {[%emt 0:00:03] .} Bxb5 {[%emt 0:00:01]} 28. Qxb5# {[%emt 0:00:01] (Lag: Av=0.53s, max=4.5s)} 1-0

[Event "Stay Safe Play From Home 193"]
[Site "T#646517Emanuel Laske"]
[Date "2020.06.02"]
[Round "2"]
[White "Emresenar"]
[Black "Cubail"]
[Result "1-0"]
[WhiteElo "1732"]
[BlackElo "1282"]
[Annotator "NA RC"]
[PlyCount "59"]
[EventDate "2020.06.02"]
[EventType "swiss (blitz)"]

1. e4 {[%emt 0:00:02]} f5 {[%emt 0:00:01]} 2. exf5 {[%emt 0:00:01]} Nf6 {[%emt 0:00:01]} 3. Nc3 {[%emt 0:00:01]} d5 {[%emt 0:00:02]} 4. d4 {[%emt 0:00:02]} Bxf5 {[%emt 0:00:02]} 5. Nf3 {[%emt 0:00:01]} e6 {[%emt 0:00:01]} 6. Bd3 {[%emt 0:00:00]} Bb4 {[%emt 0:00:01]} 7. Bxf5 {[%emt 0:00:01]} exf5 {[%emt 0:00:01]} 8. O-O {[%emt 0:00:00]} O-O {[%emt 0:00:01]} 9. Ne5 {[%emt 0:00:01]} Nc6 {[%emt 0:00:02]} 10. Nxc6 {[%emt 0:00:01]} bxc6 {[%emt 0:00:01]} 11. Bd2 {[%emt 0:00:00]} Bxc3 {[%emt 0:00:02]} 12. Bxc3 {[%emt 0:00:02]} Ne4 {[%emt 0:00:01]} 13. Qd3 {[%emt 0:00:02]} Qh4 {[%emt 0:00:02]} 14. f3 {[%emt 0:00:03]} Ng5 {[%emt 0:00:02]} 15. Rae1 {[%emt 0:00:03]} Rf6 {[%emt 0:00:02]} 16. Bd2 {[%emt 0:00:02]} Rh6 {[%emt 0:00:03]} 17. Bxg5 {[%emt 0:00:07]} Qxh2+ {[%emt 0:00:02]} 18. Kf2 {[%emt 0:00:01]} Rg6 {[%emt 0:00:11]} 19. Rh1 {[%emt 0:00:01]} Qd6 {[%emt 0:00:04]} 20. f4 {[%emt 0:00:02]} h6 {[%emt 0:00:02]} 21. Bh4 {[%emt 0:00:01]} Qxf4+ {[%emt 0:00:03]} 22. Qf3 {[%emt 0:00:01]} Qd2+ {[%emt 0:00:03]} 23. Re2 {[%emt 0:00:01]} Qxd4+ {[%emt 0:00:01]} 24. Qe3 {[%emt 0:00:01]} Qg4 {[%emt 0:00:02]} 25. Qf3 {[%emt 0:00:01]} Qd4+ {[%emt 0:00:01]} 26. Kf1 {[%emt 0:00:03]} Qd1+ {[%emt 0:00:01]} 27. Re1 {[%emt 0:00:01]} Qxc2 {[%emt 0:00:01]} 28. Bf2 {[%emt 0:00:03]} Qxf2+ {[%emt 0:00:02]} 29. Qxf2 {[%emt 0:00:01]} Rxg2 {[%emt 0:00:01]} 30. Qxg2 {[%emt 0:00:02] (Lag: Av=0.68s, max=4.0s)} 1-0

[Event "Stay Safe Play From Home 193"]
[Site "T#646517Emanuel Laske"]
[Date "2020.06.02"]
[Round "2"]
[White "Grizzzly"]
[Black "Lazieri3"]
[Result "0-1"]
[WhiteElo "1696"]
[BlackElo "2083"]
[Annotator "TA"]
[PlyCount "80"]
[EventDate "2020.06.02"]
[EventType "swiss (blitz)"]

{[%evp 25,80,0,12,10,21,9,14,3,8,-18,70,0,0,-7,-6,-30,-48,-35,-15,-382,-380,-769,-65,-116,-107,-235,-224,-242,-193,-239,-239,-273,-286,-284,-278,-283,-278,-278,-254,-347,-260,-320,-305,-353,-368,-835,-828,-806,-817,-827,-816,-676,-587,-1745,-1752,-1180,-896]} 1. d4 c6 2. c4 d5 3. Nc3 Nf6 4. cxd5 cxd5 5. Nf3 Nc6 6. Bf4 Bf5 7. e3 e6 8. Bd3 Bxd3 9. Qxd3 Bd6 10. Bxd6 Qxd6 11. O-O O-O 12. Rac1 h6 13. a3 a6 14. Na4 {D10: Slav Defence: 3 cxd5 (without early Nf3) and 3 Nc3.} Rac8 15. Nc5 Rc7 {[#]} 16. Rfd1 $146 {The position is equal.} ({Predecessor:} 16. Rc2 Rfc8 17. Rfc1 Nd7 18. b4 Ne7 19. Nxb7 Qb6 20. Nc5 Nxc5 21. bxc5 Qa7 22. h3 f5 23. g3 Kf7 {1-0 (25) Danelia,M-Sasmazel,B Urgup 2004}) 16... Rfc8 17. b4 e5 (17... a5 $11) 18. dxe5 (18. Nxb7 $1 $14 Qf8 19. Rxc6 (19. Qxa6 e4 $15) (19. Nxe5 Nxe5 {[%mdl 64] Discovered Attack} 20. dxe5 Rxc1 $17)) 18... Nxe5 $11 19. Nxe5 Qxe5 20. Qd4 (20. Qf1 {is interesting.} Ng4 21. g3 Qf5 22. Nd3 Rc4 23. Nf4) 20... Qxd4 21. exd4 Ne4 22. Nd3 $2 {[%mdl 8192] [#]} (22. Ra1 $11 {and White stays safe.}) 22... Nc3 $1 $19 {[%cal Rc3e2] White must now prevent ...Ne2+.} 23. Rc2 $2 (23. Nf4 Nxd1 24. Rxd1) 23... Nb5 $2 ({Black should try} 23... Nxd1 $19 24. Rd2 Nc3) 24. Rxc7 ({White should play} 24. Rc5 $15) 24... Rxc7 $15 {[%mdl 4096] Endgame KRN-KRN} 25. Ne5 (25. Ra1 $17 {keeps fighting.}) 25... Nxa3 $19 26. h4 Nb5 27. Re1 Nxd4 28. Rd1 Ne2+ 29. Kf1 Nc3 30. Rd3 f6 31. Nf3 Rc4 32. Nd4 Ne4 33. f3 Nd6 ({Less strong is} 33... Rxb4 34. fxe4 dxe4 35. Rd2 $11) 34. Ne6 Kf7 (34... Rxb4 $2 35. Rxd5 Rb6 36. Nd4 $19) 35. Nf4 $2 {[#]} (35. Nc5) 35... Rxf4 {Black is clearly winning.} 36. Rxd5 Nb5 37. Rd7+ Kg6 38. Rxb7 Kh7 39. g3 Rxb4 40. Kf2 Rb2+ {Accuracy: White = 22%, Black = 59%.} 0-1